000 00311nam a2200109Ia 4500
008 200302s9999 xx 000 0 und d
100 _aGordon E. Cherry
245 _aUrban Change and Planning A History of Urban Development in Britain Since
260 _bGtfoulis & Co. Ltd.
260 _c1972
300 _a252 P.,
999 _c5246
_d5246